| 000 | 00477pab a2200157 454500 | ||
|---|---|---|---|
| 008 | 180718b2017 xxu||||| |||| 00| 0 eng d | ||
| 100 | _aMonteduro, Fabio | ||
| 245 | _aThe adoption of outcome-related performance indicators in external reporting: an empirical study | ||
| 260 | _c2017 | ||
| 300 | _ap.860-874. | ||
| 362 | _aOct | ||
| 650 | _aPublic sector | ||
| 650 | _aPerformance appraisal | ||
| 773 | _aInternational Journal of Public Administration | ||
| 909 | _a116066 | ||
| 999 |
_c116060 _d116060 |
||